Normal view
MARC view
- Radio wave propagation
Entry Topical Term
001 - CONTROL NUMBER
- control field: 98196
003 - CONTROL NUMBER IDENTIFIER
- control field: NUST
005 - DATE AND TIME OF LATEST TRANSACTION
- control field: 20220819100811.0
008 - FIXED-LENGTH DATA ELEMENTS
- fixed length control field: 220819|| aca||aabn | a|a d
040 ## - CATALOGING SOURCE
- Original cataloging agency: NUST
- Transcribing agency: NUST
150 ## - HEADING--TOPICAL TERM
- Topical term or geographic name entry element: Radio wave propagation
670 ## - SOURCE DATA FOUND
- Source citation: Work cat.: (NUST)189384: Haslett, Christopher 98194, Essentials of radio wave propagation /, 2008.
